000 00358nam a2200145Ia 4500
003 Ost
005 20260225132556.0
008 260225s9999||||xx |||||||||||||| ||und||
040 _cfsic
041 _afre
082 _a440
245 0 _aKarl Marx et notre époque,la lutte pour la paix et le progrès social :
245 0 _bconférence /
942 _cكتاب
999 _c34487
_d34487